000 01439nam a22003737a 4500
003 CHAP
005 20220329142350.0
008 001002d2000 mx bd r 00110 spa d
010 _a82435
011 _a83407
035 _a93920
040 _cCHAP
090 _aTesis
100 0 0 _aToxqui Tlachino, Octavio.
_9114467
245 1 0 _aIdentificación de factores que influyen en los costos unitarios de producción de cebada en Apan, HIdalgo
_c/por Octavio Toxqui Tlachino
260 _aChapingo, Méx. :
_bEl autor,
_c2000
300 _a122 h. :
_bgráfs. ; mapas ; cuadros ; diagrama ; anexos
502 _aTesis (M.C. en Economía del Desarrollo Rural) -- UACH. División de Ciencias Económico Administrativas
590 _aALEPH
_b10
_c20130110
_lUCH01
_h1437
590 _aBATCH-UPD
_b10
_c20130110
_lUCH01
_h0709
590 _aBATCH-UPD
_b10
_c20130110
_lUCH01
_h2350
590 _aBATCH-UPD
_b10
_c20130410
_lUCH01
_h0355
590 _aBATCH-UPD
_b10
_c20130914
_lUCH01
_h0904
590 _aCONVERSION
_b10
_c20130109
_lUCH01
_h1346
650 1 4 _aCebada maltera
_xHidalgo.
_920727
650 1 4 _aCebada
_xAspectos económicos.
_920657
650 1 4 _aCebada
_xCostos de producción.
_920668
650 1 4 _aCebada
_xHidalgo.
_920685
901 _aBK
905 _aMarco A. Mendoza T.
942 _cFOLL
949 _bBC
_cTES
_d33724000784948
_eTS2
_fc.2
_h37052
_i93920
_kDonaciØn
_si
949 _bBC
_cTES
_d939201
_eTS1
_h37051
_i93920
_kDonaciØn
_sb
999 _c82435
_d82435